[Event "KB Czech Open"]
[Site "Pardubice CZE"]
[Date "2003.07.23"]
[Round "6"]
[White "Malakhatko,V"]
[Black "Zhigalko,S"]
[Result "1-0"]
[WhiteElo "2498"]
[BlackElo "2399"]

1.Nf3 d5 2.c4 e6 3.g3 dxc4 4.Na3 a6 5.Nxc4 b5 6.Ne3 Bb7 7.Bg2 Nf6 8.b3 c5
9.Bb2 Be7 10.Rc1 Qb6 11.Qc2 Nc6 12.O-O Rd8 13.Bxf6 gxf6 14.Qb2 Nd4 15.Nxd4 cxd4
16.Bxb7 Qxb7 17.Ng2 O-O 18.d3 Bb4 19.Rc2 Qd5 20.Qc1 a5 21.Nf4 Qg5 22.e4 dxe3
23.fxe3 e5 24.Nh3 Qg6 25.Nf2 f5 26.a4 bxa4 27.bxa4 Rd6 28.Rc4 Rfd8 29.Kh1 Qe6
30.e4 Rd4 31.exf5 Qd5+ 32.Kg1 f6 33.Rc7 Rd7 34.Rc6 Rd6 35.Rc2 Rxd3 36.Rc8+ Kg7
37.Rc7+ Rd7 38.Nxd3 Qxd3 39.Rxd7+ Qxd7 40.Qd1 Bc5+ 41.Kg2 Qc6+ 42.Kh3 Bd4
43.Qg4+ Kh6 44.Rb1 Be3 45.Re1 Qc3 46.Re2 Bg5 47.Qe4 Bd2 48.Kg2 Qc1 49.h4 Kg7
50.Qb7+ Kh6 51.Qd5 Be3 52.Qf3 Qg1+ 53.Kh3 Bd4 54.Rc2 Qa1 55.Rc6 e4 56.Qf4+ Kg7
57.Rc7+ Kh8 58.Rc1 Qxa4 59.Qb8+  1-0

[Event "ch-NED Open"]
[Site "Dieren NED"]
[Date "2003.07.24"]
[Round "3"]
[White "Heemskerk,W"]
[Black "Bensdorp,M"]
[Result "1/2-1/2"]
[WhiteElo "2266"]
[BlackElo "2164"]

1.Nf3 d5 2.c4 c6 3.g3 Bg4 4.Bg2 Nd7 5.cxd5 cxd5 6.Qb3 Qc7 7.Nc3 e6 8.d3 a6
9.Be3 Bxf3 10.Bxf3 Ne7 11.Bf4 Qb6 12.Qxb6 Nxb6 13.e4 d4 14.Ne2 Nc6 15.e5 Rd8
16.g4 Nd5 17.Bg3 Bb4+ 18.Kd1 Ba5 19.Nc1 O-O 20.Nb3 Bb6 21.Nd2 Bc7 22.Re1  1/2-1/2

[Event "ch-GBR"]
[Site "Edinburgh SCO"]
[Date "2003.07.24"]
[Round "10"]
[White "Broomfield,M"]
[Black "Meenakshi,S"]
[Result "1-0"]
[WhiteElo "2249"]
[BlackElo "2319"]

1.Nf3 d5 2.c4 c6 3.e3 Nf6 4.Nc3 g6 5.b3 Bg7 6.Bb2 O-O 7.Be2 Nbd7 8.d4 b6
9.O-O Bb7 10.Ne5 Ne4 11.Nxd7 Qxd7 12.Bd3 Nxc3 13.Bxc3 c5 14.Qe2 dxc4 15.Bxc4 cxd4
16.Bxd4 Bxd4 17.exd4 e6 18.Rad1 Rfd8 19.Rd2 Qc6 20.f3 Rd6 21.Rfd1 Rad8 22.Qe5 Qd7
23.h4 h5 24.Qf6 b5 25.Bd3 Rxd4 26.Bxg6 Rxd2 27.Rxd2 Bd5 28.Bxf7+ Qxf7 29.Qxd8+ Kh7
30.Rc2  1-0

[Event "ch-COL"]
[Site "Cali COL"]
[Date "2003.07.25"]
[Round "6"]
[White "Beltran,C"]
[Black "Echavarria,J"]
[Result "0-1"]
[WhiteElo "2261"]
[BlackElo "2351"]

1.Nf3 d5 2.c4 c6 3.e3 Nf6 4.Nc3 e6 5.b3 Bd6 6.Bb2 O-O 7.Be2 Re8 8.d4 Nbd7
9.O-O b6 10.Qc2 Qe7 11.Rad1 Bb7 12.e4 Nxe4 13.Nxe4 dxe4 14.Qxe4 Rad8 15.Bd3 f5
16.Qe2 c5 17.d5 exd5 18.Qxe7 Rxe7 19.cxd5 g6 20.h4 a6 21.a4 Ree8 22.Bc4 Ne5
23.Nxe5 Bxe5 24.d6+ Kf8 25.d7 Re7 26.Bxe5 Rxe5 27.Rd6 Ke7 28.Rfd1 Re1+ 29.Rxe1+ Kxd6
30.Re6+ Kc7 31.h5 gxh5 32.Rf6 Rxd7 33.Rxf5 h4 34.Kh2 Be4 35.Rh5 Bd3 36.Rxh4 Bxc4
37.bxc4 b5 38.axb5 axb5 39.cxb5 Kb6 40.Rc4 Kxb5 41.Rc1 c4 42.f4 Kb4 43.Kh3 c3
44.g4 Kb3 45.Kh4 Kb2 46.Rg1 c2 47.f5 Rd1 48.Rg2 Kc3 49.Rxc2+ Kxc2 50.Kg5 Kd3
51.Kh6 Ke4 52.f6 Rf1 53.Kg7 Kf4 54.Kxh7 Kg5  0-1

[Event "16th Open"]
[Site "Kiel GER"]
[Date "2003.07.27"]
[Round "4"]
[White "Wiebe,P"]
[Black "Engels,G"]
[Result "1-0"]
[WhiteElo "2204"]
[BlackElo "2085"]

1.Nf3 d5 2.c4 c6 3.Qc2 Nf6 4.g3 g6 5.Bg2 Bf5 6.d3 Nbd7 7.Nd4 e5 8.Nxf5 gxf5
9.Bg5 Be7 10.Nd2 O-O 11.O-O Rc8 12.Rac1 d4 13.a3 a5 14.Rb1 b5 15.Rfc1 b4
16.axb4 axb4 17.Ra1 Nc5 18.Ra7 Kg7 19.Nf3 h6 20.Nh4 hxg5 21.Nxf5+ Kh7 22.Nxe7 Rc7
23.Rxc7 Qxc7 24.Nxc6 b3 25.Qd2 Kg6 26.Ra1 Nfe4 27.Nxe5+ Qxe5 28.dxe4 Nxe4
29.Qd3 f5 30.Qxb3  1-0

[Event "16th Open"]
[Site "Kiel GER"]
[Date "2003.07.27"]
[Round "4"]
[White "Bukhman,E"]
[Black "Berenstein,A"]
[Result "1-0"]
[WhiteElo "2371"]
[BlackElo "2117"]

1.Nf3 d5 2.c4 c6 3.b3 Nf6 4.Bb2 Bf5 5.d3 e6 6.Nh4 Bg6 7.Nxg6 hxg6 8.e3 Bd6
9.g3 Nbd7 10.Nd2 Qa5 11.a3 Qc7 12.Bg2 a5 13.Rc1 Rd8 14.O-O Rh7 15.Qe2 Qb8
16.cxd5 cxd5 17.e4 dxe4 18.dxe4 Ke7 19.Rfd1 Rdh8 20.Nf3 e5 21.Qc4 Rh5 22.h4 b5
23.Qc6 Rd8 24.Ng5 Rhh8 25.Rxd6 Qxd6 26.Qxd6+ Kxd6 27.Nxf7+ Ke7 28.Nxh8 Rxh8
29.Rc6 Rb8 30.f3 Rb7 31.Bc3 b4 32.axb4 axb4 33.Bd2 Nb8 34.Rc5 Nfd7 35.Rd5 Nc6
36.Be3 Nf6 37.Rd3 Rb5 38.Bf1 Ra5 39.Rd2 Nd7 40.Rc2 Kd6 41.Rd2+ Kc7 42.Bc4 Ra3
43.Be6 Ndb8 44.Bc5 Ra1+ 45.Kg2 Rc1 46.Bd6+ Kb6 47.Kh3 Rc3 48.Kg4 Na6 49.Bc4 Nc7
50.f4 exf4 51.gxf4 Nb5 52.Bf8 Re3 53.Bd5 Nc3 54.Bxg7 Nxe4 55.Bxe4 Rxe4 56.Kg5 Re3
57.Kxg6 Rxb3 58.h5 Rg3+ 59.Kf6 b3 60.h6 Rh3 61.Kf7 Rf3 62.h7 Rxf4+ 63.Ke6  1-0

[Event "Futurity"]
[Site "Kitchener CAN"]
[Date "2003.07.28"]
[Round "5"]
[White "Jung,HansR"]
[Black "Stevens,C"]
[Result "1-0"]
[WhiteElo "2208"]
[BlackElo "2219"]

1.Nf3 d5 2.c4 e6 3.e3 Nf6 4.b3 Be7 5.Bb2 O-O 6.Be2 c5 7.O-O b6 8.d4 dxc4
9.Bxc4 Bb7 10.Qe2 Nbd7 11.Rd1 Qc7 12.Nc3 a6 13.Rac1 b5 14.Bd3 Qb6 15.Bb1 Rac8
16.Ne5 cxd4 17.exd4 Rfd8 18.Re1 Nf8 19.Ne4 Nxe4 20.Bxe4 Bxe4 21.Qxe4 Rxc1
22.Rxc1 Bf6 23.Nc6 Rd7 24.g3 Qb7 25.Ba3 g6 26.Qf4 Bg7 27.Ne5 Rd5 28.Ng4 Rxd4
29.Nh6+ Bxh6 30.Qxh6 b4 31.Bb2 e5 32.Bxd4 exd4 33.Qf4 Ne6 34.Qe5 Qd7 35.Qb8+ Kg7
36.Qxb4 Ng5 37.Qc5 Nf3+ 38.Kg2 Qg4 39.Qd5 Nh4+ 40.Kh1 Nf5 41.Qe5+ Kh6 42.Qf4+ Qxf4
43.gxf4  1-0

[Event "8th Open"]
[Site "Creon FRA"]
[Date "2003.08.01"]
[Round "7"]
[White "Olarasu,G"]
[Black "Van de Berkmortel,T"]
[Result "0-1"]
[WhiteElo "2305"]
[BlackElo "2228"]

1.Nf3 d5 2.c4 e6 3.g3 c6 4.Qc2 Nf6 5.Bg2 Nbd7 6.d4 Bd6 7.O-O O-O 8.Nbd2 Qe7
9.e4 Nxe4 10.Nxe4 dxe4 11.Qxe4 e5 12.Re1 f5 13.Qc2 e4 14.c5 Bc7 15.Ng5 Nf6
16.f3 h6 17.Nh3 Qd8 18.fxe4 fxe4 19.Be3 Qd5 20.Nf2 Bf5 21.Qd2 Qd7 22.Rad1 Rae8
23.Qc2 Kh8 24.Qa4 Nd5 25.Qb3 Bd8 26.Bc1 Ba5 27.Re2 e3 28.Bxe3 Bg4 29.Nxg4 Qxg4
30.Rf2 Nxe3  0-1

[Event "6th Magistral"]
[Site "Vicente Lopez ARG"]
[Date "2003.08.01"]
[Round "9"]
[White "Marques,V"]
[Black "De Dovitiis,A"]
[Result "1-0"]
[WhiteElo "2380"]
[BlackElo "2401"]

1.Nf3 d5 2.c4 e6 3.e3 Nf6 4.Nc3 Be7 5.d4 O-O 6.b3 c5 7.Bd3 cxd4 8.exd4 Bb4
9.Bb2 Ne4 10.Qc2 Qa5 11.Bxe4 dxe4 12.a3 exf3 13.axb4 fxg2 14.Rg1 Qg5 15.Qe4 Qg6
16.Rxg2 Qxe4+ 17.Nxe4 Nd7 18.O-O-O f6 19.Rdg1 g6 20.h4 b5 21.h5 Bb7 22.d5 g5
23.Nxf6+ Nxf6 24.Rxg5+ Kf7 25.Rg7+ Ke8 26.Rxb7 Rf7 27.Rg7 Rxb7 28.Rxb7 Nd7
29.dxe6 Nf8 30.Bf6  1-0

[Event "World Youth Stars"]
[Site "Kirishi RUS"]
[Date "2003.08.03"]
[Round "2"]
[White "Bogosavljevic,B"]
[Black "Alsina Leal,D"]
[Result "1-0"]
[WhiteElo "2232"]
[BlackElo "2221"]

1.Nf3 d5 2.c4 c6 3.b3 Bg4 4.Bb2 Bxf3 5.gxf3 e6 6.e3 Nf6 7.Rg1 Nbd7 8.f4 Qc7
9.Qc2 O-O-O 10.d4 h6 11.Nd2 g5 12.fxg5 hxg5 13.h3 Bb4 14.Bc3 Bxc3 15.Qxc3 Rdg8
16.O-O-O g4 17.hxg4 Nxg4 18.f3 Nf2 19.Rxg8+ Rxg8 20.Re1 Rg1 21.f4 Nf6 22.Nf3 N6e4
23.Qb4 c5 24.Qa4 Rg3 25.Ne5 b6 26.Qe8+ Kb7 27.Nxf7 Nd6 28.Nxd6+ Qxd6 29.Qf7+ Kb8
30.Qe8+ Kb7 31.Qf7+ Kb8 32.cxd5 cxd4 33.Qxe6 Qc5+ 34.Kb1 Rxe3 35.Rxe3 dxe3
36.Ba6 Nd1 37.Qe5+  1-0

[Event "10th Summer Open"]
[Site "Nice FRA"]
[Date "2003.08.04"]
[Round "1"]
[White "Sulava,N"]
[Black "Zawadski,S"]
[Result "1/2-1/2"]
[WhiteElo "2479"]
[BlackElo "2173"]

1.Nf3 d5 2.c4 c6 3.d4 Nf6 4.cxd5 cxd5 5.Nc3 Nc6 6.Bf4 Bf5 7.e3 e6 8.Bb5 Nd7
9.O-O Rc8 10.Qb3 Be7 11.Rfc1 O-O 12.Bxc6 bxc6 13.Qb7 a5 14.Na4 c5 15.Ne5 Nxe5
16.Bxe5 f6 17.Bg3 e5 18.Nb6 Rb8 19.Qxd5+ Kh8 20.dxc5 Bxc5 21.Qxd8 Rfxd8 22.Rxc5 Rxb6
23.b3 a4 24.bxa4 Rb2 25.h4 h5 26.a5 Rdd2 27.a3 Ra2 28.Rxa2 Rxa2 29.Rc3 Ra1+
30.Kh2 Rd1 31.a6 Rd7 32.Rc5 Ra7 33.f4 exf4 34.Bxf4 Bg4 35.a4 Rxa6 36.a5 Kg8
37.Bc7 Kf7 38.Bb6 Ra8 39.Rc7+ Kg6 40.Kg3 Be2 41.Re7 Rc8 42.Bc7 Bb5 43.Kf4 Re8
44.Rxe8 Bxe8 45.a6 Bc6 46.a7 Kf7 47.g3 g6 48.Bd8 Ke6 49.g4 hxg4 50.Kxg4 Ba8
51.Kg3 Be4 52.Kf2 f5 53.Ke2 Kd6 54.Kd2 Ba8 55.Kc3 Kd5 56.Kb4 Kd6 57.Kc4 Kd7
58.Ba5 Ke6 59.Kd4 Bb7 60.Kc5 Kd7 61.Be1 Ba8 62.Bc3 Bb7 63.Kd4 Ke6 64.Kd3 Ba8
65.Ke2 Bb7 66.Kf2 Ba8 67.Kg3 Kf7 68.Kf4 Ke6 69.Kg5 Kf7 70.h5 gxh5 71.Kxf5 h4
72.Be5 Ke7 73.e4 Kd7 74.Bh2 Bc6 75.e5 Kc7 76.e6+ Kb7  1/2-1/2

[Event "FSIM August"]
[Site "Budapest HUN"]
[Date "2003.08.05"]
[Round "4"]
[White "Paci,C"]
[Black "Eperjesi,L"]
[Result "0-1"]
[WhiteElo "2258"]
[BlackElo "2255"]

1.Nf3 d5 2.c4 e6 3.g3 dxc4 4.Qa4+ Nd7 5.Qxc4 Ngf6 6.d4 a6 7.a4 c5 8.dxc5 Bxc5
9.Bg2 b5 10.Qb3 Bb7 11.O-O O-O 12.axb5 Bd5 13.Qc2 axb5 14.Rxa8 Qxa8 15.Nc3 Rc8
16.Qb1 Bc6 17.b4 Bf8 18.Qb3 Nd5 19.Nxd5 Bxd5 20.Qb1 Be4 21.Qb3 Nf6 22.Bd2 Nd5
23.Ne1 Bxg2 24.Nxg2 Rc4 25.Ne3 Nxe3 26.fxe3 Qd5 27.Qd3 Qxd3 28.exd3 Rc2 29.Rf2 Rb2
30.Bc3 Rb3 31.Rc2 f6 32.Kf2 Bxb4 33.Bxb4 Rxb4 34.Rc8+ Kf7 35.Rc7+ Kg6 36.Rb7 h5
37.Kf3 h4 38.gxh4 Rxh4 39.Kg3 Rb4 40.d4 Rb1 41.Kf4 Rf1+ 42.Kg3 Rb1 43.Kf4 b4
44.Kf3 b3 45.Kg3 b2 46.Kg2 Kf5 47.Rb5+ Ke4 48.Rb3 g5 49.h3 f5  0-1

[Event "HZ Open"]
[Site "Vlissingen NED"]
[Date "2003.08.06"]
[Round "6"]
[White "Arkell,K"]
[Black "Cooper,L"]
[Result "1-0"]
[WhiteElo "2513"]
[BlackElo "2335"]

1.Nf3 d5 2.c4 c6 3.b3 Bg4 4.e3 e6 5.Bb2 Nf6 6.Be2 Bd6 7.O-O Nbd7 8.h3 Bxf3
9.Bxf3 O-O 10.d4 Re8 11.Nd2 Qe7 12.a3 a5 13.Qc2 Rac8 14.Rfe1 e5 15.dxe5 Bxe5
16.cxd5 Bxb2 17.Qxb2 Ne5 18.Qc3 Nxf3+ 19.Nxf3 Nxd5 20.Qb2 Rcd8 21.Rab1 Qe4
22.Rec1 Ra8 23.Rc4 Qe7 24.Rbc1 Red8 25.Rc5 Nc7 26.Nd4 Qf6 27.Rf5 Qe7 28.Rfc5 Qf6
29.Qc3 Rd5 30.Rxd5 Nxd5 31.Qc5 Qe7 32.Nf5 Qxc5 33.Rxc5 a4 34.b4 Nb6 35.Nd6 Nd7
36.Rf5 c5 37.bxc5  1-0

[Event "HZ Open"]
[Site "Vlissingen NED"]
[Date "2003.08.06"]
[Round "6"]
[White "Ikonnikov,V"]
[Black "Zaragatski,I"]
[Result "1-0"]
[WhiteElo "2546"]
[BlackElo "2329"]

1.Nf3 d5 2.c4 d4 3.b4 c5 4.g3 cxb4 5.a3 b3 6.d3 Nc6 7.Nbd2 e5 8.Bg2 Nf6 9.O-O a5
10.Qxb3 a4 11.Qc2 Be7 12.Bb2 O-O 13.Rfe1 Nd7 14.e3 Nc5 15.exd4 exd4 16.Ne5 Na5
17.Bd5 Nab3 18.Nxb3 Nxb3 19.Rad1 g6 20.Qe2 Bf6 21.Qf3 Qb6 22.Re2 Kg7 23.Rde1 Bxe5
24.Rxe5 Nd2 25.Qf4 Qxb2 26.Re7 Bf5 27.g4 Bxd3 28.Rxf7+ Rxf7 29.Qxf7+ Kh6
30.Qf4+ g5 31.Qf6+ Bg6 32.h4 Ne4 33.Rxe4 Qc1+ 34.Kg2 gxh4 35.Qxh4+  1-0

[Event "ch-SLO"]
[Site "Bled SLO"]
[Date "2003.08.07"]
[Round "6"]
[White "Peteh,U"]
[Black "Piber,Vink"]
[Result "1-0"]
[WhiteElo "2046"]
[BlackElo "2017"]

1.Nf3 d5 2.c4 e6 3.b3 Nf6 4.Bb2 Be7 5.e3 b6 6.Be2 Bb7 7.O-O O-O 8.Ne5 c5
9.d4 Nc6 10.Bf3 Ne4 11.Nc3 Nxc3 12.Bxc3 cxd4 13.Nxc6 Bxc6 14.Bxd4 Qd6 15.Rc1 dxc4
16.Bxc6 Qxc6 17.Rxc4 Qd5 18.Qc2 Qh5 19.e4 Rfd8 20.Be3 Rd7 21.Rc8+ Rxc8 22.Qxc8+ Rd8
23.Qc7 Rd1 24.f3 Rxf1+ 25.Kxf1 Bf8 26.Qxa7 Qb5+ 27.Kf2 Qd3 28.Qxb6 Qc2+ 29.Kg3 h5
30.a4 Kh7 31.a5 h4+ 32.Kh3 e5 33.a6 f5 34.a7  1-0

[Event "HZ Open"]
[Site "Vlissingen NED"]
[Date "2003.08.07"]
[Round "7"]
[White "Rosmuller,A"]
[Black "Kohlweyer,B"]
[Result "1/2-1/2"]
[WhiteElo "2155"]
[BlackElo "2399"]

1.Nf3 d5 2.c4 e6 3.g3 Nf6 4.Bg2 dxc4 5.Na3 Bxa3 6.Qa4+ b5 7.Qxa3 Bb7 8.b3 cxb3
9.Qxb3 a6 10.a4 Bd5 11.Qb1 Nbd7 12.axb5 axb5 13.Rxa8 Qxa8 14.Qxb5 O-O 15.O-O Rb8
16.Qd3 c5 17.Qc2 c4 18.d3 cxd3 19.Qxd3 Ne5  1/2-1/2

[Event "Ron Banwell Masters"]
[Site "Blackpool ENG"]
[Date "2003.08.08"]
[Round "8"]
[White "Sundararajan,K"]
[Black "Specht,J"]
[Result "1/2-1/2"]
[WhiteElo "2442"]
[BlackElo "2111"]

1.Nf3 d5 2.c4 c6 3.e3 Nf6 4.Nc3 Bg4 5.h3 Bxf3 6.Qxf3 e6 7.d4 Bd6 8.Bd3 Nbd7
9.O-O O-O 10.Re1 dxc4 11.Bxc4 e5 12.Bf1 Re8 13.dxe5 Nxe5 14.Qe2 Ng6 15.Bd2 h5
16.Rad1 h4 17.Bc1 Qc7 18.Qc2 a6 19.Bd3 Ne5 20.Ne4 Nxe4 21.Bxe4 Nd7 22.Bh7+ Kh8
23.Bf5 Nf6 24.Qc4 g6 25.Qxh4+ Kg7 26.Bc2 Re5 27.b4 Rh8 28.Qc4 b5 29.Qb3 c5
30.bxc5 Rxc5 31.Bd3 Rc3 32.Qb1 Ba3 33.Bxa3 Rxa3 34.e4 Qe5 35.Re2 Ng4 36.Qb2  1/2-1/2

[Event "WYol u16"]
[Site "Denizli TUR"]
[Date "2003.08.08"]
[Round "7"]
[White "Tomashevsky,E"]
[Black "Zinchenko,Y"]
[Result "1/2-1/2"]
[WhiteElo "2458"]
[BlackElo "2322"]

1.Nf3 d5 2.c4 c6 3.e3 e6 4.b3 Nf6 5.Bb2 Bd6 6.Qc2 O-O 7.Nc3 Nbd7 8.Be2 a6
9.d4 dxc4 10.bxc4 e5 11.O-O Qe7 12.Rad1 e4 13.Nd2 Re8 14.Rfe1 Nf8 15.f3 exf3
16.Bxf3 Ng4 17.Nf1 Qg5 18.Bc1 Ng6 19.c5 Bc7 20.e4 Bf4 21.h3 Nh6 22.Ne2 Nh4
23.Rd3 Bxc1 24.Qxc1 Qxc1 25.Nxc1 Nxf3+ 26.Rxf3 f5 27.e5 Be6 28.Ng3 g6 29.Nge2 Nf7
30.Nb3 a5 31.Rb1 Ng5 32.Re3 Red8 33.Nbc1 Rd7 34.Rc3 Bd5 35.Nb3 Ne6 36.Kf2 Be4
37.Rd1 Bd5 38.Rb1 Be4 39.Rd1 Bd5  1/2-1/2

[Event "IPCA World Cup"]
[Site "Hrabyne CZE"]
[Date "2003.08.08"]
[Round "9"]
[White "Snopek,J"]
[Black "Jaros,B"]
[Result "0-1"]
[WhiteElo "2015"]
[BlackElo "2084"]

1.Nf3 d5 2.c4 d4 3.d3 Nc6 4.g3 e5 5.Nbd2 Nf6 6.Bg2 Bb4 7.a3 Bxd2+ 8.Nxd2 O-O
9.O-O Ne7 10.b4 Rb8 11.a4 b6 12.Ba3 Ng6 13.b5 Re8 14.Ne4 Bb7 15.Nxf6+ Qxf6
16.a5 Bxg2 17.Kxg2 e4 18.axb6 axb6 19.Bb2 Rbd8 20.e3 Qg5 21.dxe4 dxe3 22.f4 Rxd1
23.fxg5 Rd2+  0-1

[Event "Hilton Premier"]
[Site "Blackpool ENG"]
[Date "2003.08.09"]
[Round "9"]
[White "Davies,N"]
[Black "Haslinger,S"]
[Result "1/2-1/2"]
[WhiteElo "2482"]
[BlackElo "2414"]

1.Nf3 d5 2.c4 e6 3.g3 dxc4 4.Qa4+ Nd7 5.Bg2 a6 6.Qxc4 b5 7.Qc6 Rb8 8.Qc2 Bb7
9.O-O c5 10.d3 Ngf6 11.a4 Be7 12.axb5 axb5 13.Nc3 Qb6 14.Bf4 Rc8 15.Qb3 Nd5
16.Bg5 f6 17.Bd2 Kf7 18.Nxd5 Bxd5 19.Qc2 c4 20.Be3 Bc5 21.Bxc5 Nxc5 22.dxc4 Bxc4
23.Rac1 Nb3 24.Rcd1 Bd5 25.Qd3 Nc5 26.Qe3 Rhd8 27.Nd4 Bxg2 28.Kxg2 Na4 29.Rd2 Nxb2
30.Rxb2 Rxd4 31.Rxb5 Qc6+ 32.Kg1 Rcd8  1/2-1/2

[Event "US Open"]
[Site "Los Angeles USA"]
[Date "2003.08.11"]
[Round "7"]
[White "Kurosaki,T"]
[Black "Maldonado,O"]
[Result "0-1"]
[WhiteElo "2063"]
[BlackElo "2247"]

1.c4 d5 2.Nf3 c5 3.cxd5 Nf6 4.Qa4+ Bd7 5.Qb3 Qb6 6.Nc3 Na6 7.e4 Qxb3 8.axb3 Nb4
9.Kd1 Ng4 10.Ke2 e6 11.h3 Nf6 12.Ne5 Nc2 13.Rb1 exd5 14.Nxd7 Kxd7 15.Kd1 Nd4
16.e5 Ne4 17.Nxe4 dxe4 18.Bc4 Re8 19.e6+ fxe6 20.Re1 b5 21.Bf1 Kc6 22.Rxe4 Nxb3
23.d3 Bd6 24.Be3 e5 25.g3 a5 26.Bg2 Kd7 27.Rg4 Bf8 28.Bd5 Nd4 29.Be4 Nc6
30.Rh4 h6 31.Rg4 g5 32.h4 Be7 33.Kd2 h5 34.Bf5+ Kd6 35.Re4 gxh4 36.gxh4 Nd4
37.Bxd4 cxd4 38.f4 Bf6 39.Bg6 Reg8 40.f5 Rc8 41.Rc1 Ra8 42.Kc2 Rac8+ 43.Kb1 Rxc1+
44.Kxc1 a4 45.Kb1 b4 46.Bf7 b3 47.Kc1 Rh7 48.Bg6 Rh8 49.Bf7 Ke7 50.Be6 Rh7
51.Re1 Rg7 52.Bd5 Kd6 53.Bc4 Bxh4 54.Rf1 Bf6 55.Bb5 Kc5 56.Bxa4 Ra7  0-1

[Event "World Youth Stars"]
[Site "Kirishi RUS"]
[Date "2003.08.12"]
[Round "10"]
[White "Bogosavljevic,B"]
[Black "Matlakov,M"]
[Result "0-1"]
[WhiteElo "2232"]
[BlackElo "2319"]

1.Nf3 d5 2.c4 c6 3.g3 Nf6 4.Bg2 Bg4 5.cxd5 cxd5 6.Ne5 Bf5 7.Nc3 Nbd7 8.Qa4 Be6
9.O-O g6 10.d4 Bg7 11.Bf4 O-O 12.Rfd1 Nb6 13.Qb4 Bf5 14.Rac1 Rc8 15.b3 h6
16.Nd3 Bxd3 17.Rxd3 Rc6 18.Rdd1 g5 19.Bd2 Qd7 20.a4 Rfc8 21.Nb5 Rxc1 22.Rxc1 a6
23.Nc3 Rc6 24.a5 Nc8 25.Na4 Rxc1+ 26.Bxc1 Nd6 27.Nc5 Qc6 28.e3 e6 29.Bf1 Bf8
30.Qb6 Qxb6 31.axb6 Be7 32.Ba3 Kf8 33.Bb4 Ke8 34.Ba5 Nd7 35.b4 Bd8 36.b5 axb5
37.Bb4 Nxb6 38.Nxe6 fxe6 39.Bxd6 Nc4 40.Bb4 Be7 41.Bc3 b4 42.Ba1 b3 43.e4 b2
44.Bxb2 Nxb2 45.exd5 exd5 46.Bg2 b5 47.Bxd5 b4 48.Bb3 Bf6 49.d5 Nd3 50.Kg2 Nc5
51.Bc4 b3 52.Kf3 b2 53.Ba2 Na4 54.Bb1 Nc3 55.Bg6+ Kf8 56.Kg4 Kg7 57.Bc2 b1=Q
58.Bxb1 Nxb1 59.f4 gxf4 60.Kxf4 Nc3 61.d6 Nb5 62.d7 Nd4 63.d8=Q Bxd8  0-1

[Event "US Open"]
[Site "Los Angeles USA"]
[Date "2003.08.13"]
[Round "10"]
[White "Andrianov,N"]
[Black "Bournival,B"]
[Result "1/2-1/2"]
[WhiteElo "2475"]
[BlackElo "2288"]

1.Nf3 d5 2.c4 c6 3.d4 Nf6 4.Nc3 dxc4 5.a4 Bf5 6.e3 e6 7.Bxc4 Bb4 8.O-O O-O
9.Nh4 Nbd7 10.Nxf5 exf5 11.Qb3 Qe7 12.a5 Rab8 13.Bd2 a6 14.Ne4 Bxd2 15.Nxd2 f4
16.exf4 Qd6 17.Nf3 Qxf4 18.Rfe1 Qd6 19.Ng5 Ng4 20.Bxf7+ Kh8 21.Qg3 Qxg3 22.fxg3 h6
23.Be6 hxg5 24.Bxd7 Nf6 25.Be6 Rbd8 26.Rad1 Rd6 27.Bf5 Rfd8 28.Re7 Nd5 29.Re5 Nf6
30.g4 Rxd4 31.Rxd4 Rxd4 32.h3 Rb4 33.Re2 Rb5 34.Bc8 Nd5 35.Bf5 Kg8 36.Be6+ Kf8
37.Bxd5 Rxd5 38.b4 Rb5 39.Re4 c5 40.bxc5 Rxc5 41.Rb4 Rb5 42.Ra4 Ke7 43.Kf2 Kd6
44.Ke3 Kc5 45.Ra2 Kc4 46.Ke4 Kb3 47.Ra1 Kb2 48.Ra4 Kb3 49.Ra1  1/2-1/2

[Event "Jezero Open"]
[Site "Belgrade YUG"]
[Date "2003.08.14"]
[Round "1"]
[White "Radosavljevic,No"]
[Black "Maric,Dr"]
[Result "1/2-1/2"]
[WhiteElo "2048"]
[BlackElo "2262"]

1.Nf3 d5 2.c4 d4 3.g3 g6 4.Bg2 Bg7 5.O-O e5 6.d3 Ne7 7.e3 O-O 8.exd4 exd4
9.Bf4 Nbc6 10.Na3 Bf5 11.Qd2 Qd7 12.Rfe1 Rfe8 13.Nc2  1/2-1/2

[Event "Jezero Open"]
[Site "Belgrade YUG"]
[Date "2003.08.16"]
[Round "3"]
[White "Radosavljevic,No"]
[Black "Toth,Al"]
[Result "1/2-1/2"]
[WhiteElo "2048"]
[BlackElo "2155"]

1.Nf3 d5 2.c4 e6 3.g3 Nf6 4.Bg2 Be7 5.O-O O-O 6.b3 b6 7.Bb2 Bb7 8.d3 c5 9.e3 Nbd7
10.Qe2 Rc8 11.Nc3 Qc7 12.Rfd1 Qb8 13.Rac1 Qa8 14.cxd5 Nxd5 15.Nxd5 Bxd5 16.Ne1 Bxg2
17.Nxg2 Bf6 18.Nf4 Bxb2 19.Qxb2 e5 20.Ng2 Qd5 21.Qc3 Rfd8 22.Qc4 Nf6 23.Ne1 Qxc4
24.dxc4 e4 25.h3 Kf8 26.Kf1 Ke7 27.Ke2 Rxd1 28.Rxd1 Rd8 29.Nc2 Rxd1 30.Kxd1 Kd6
31.Na3 a6 32.Nb1 Nd7 33.Nc3 f5 34.Ke2 Ne5 35.Nb1 Nd3 36.Nc3 Ne5 37.Nb1 Nd3
38.Nc3 Ne5 39.Nb1  1/2-1/2

[Event "Open"]
[Site "Vienna AUT"]
[Date "2003.08.16"]
[Round "1"]
[White "Loeffler,S"]
[Black "De Andres Gonalons,F"]
[Result "1-0"]
[WhiteElo "2404"]
[BlackElo "2112"]

1.c4 d5 2.Nf3 e6 3.d4 c5 4.cxd5 exd5 5.g3 Nf6 6.Bg2 Be7 7.O-O O-O 8.dxc5 Bxc5
9.Bg5 Nc6 10.Qb3 h6 11.Bxf6 Qxf6 12.Nc3 d4 13.Nd5 Qd8 14.Rac1 Be7 15.Rfd1 Bg5
16.Rc5 Qd6 17.Qc4 Be6 18.Nxd4 Ne5 19.Qc2 Rad8 20.Nb5 Qb8 21.f4 b6 22.Rc7 Bxd5
23.Bxd5 Ng4 24.Bxf7+ Kh8 25.fxg5 a6 26.gxh6 Rxd1+ 27.Qxd1 Nxh6 28.Be6 axb5
29.Qd7  1-0

[Event "9th Open"]
[Site "Pilsen-Lobzy CZE"]
[Date "2003.08.17"]
[Round "2"]
[White "Rehorek,M"]
[Black "Hajek,Jar"]
[Result "1-0"]
[WhiteElo "2254"]
[BlackElo "2029"]

1.Nf3 d5 2.c4 Nf6 3.g3 c5 4.Bg2 Nc6 5.cxd5 Nxd5 6.O-O g6 7.Nc3 Bg7 8.Qb3 e6
9.d3 O-O 10.Bd2 Qb6 11.Qc2 Ncb4 12.Qc1 Bd7 13.Bh6 Rac8 14.Bxg7 Kxg7 15.b3 f6
16.Rd1 Nxc3 17.Qxc3 Bc6 18.e4 Rfd8 19.a3 Na6 20.g4 Qc7 21.g5 Qf4 22.b4 Ba4
23.Rd2 cxb4 24.Qxf6+ Qxf6 25.gxf6+ Kxf6 26.axb4 Bb5 27.d4 Nxb4 28.e5+ Ke7
29.Ng5 h6 30.Ne4 Ba6 31.Nd6 Rc7 32.Be4 Nd5 33.f3 g5 34.Kf2 Rf8 35.Kg3 Rf4
36.Bxd5 exd5 37.h4 Rc3 38.Rf2 Ke6 39.hxg5 hxg5 40.Rh1 Rxd4 41.Rh6+ Kd7 42.Nf5 Rf4
43.e6+ Kc7 44.Rh7+ Kb6 45.Rb2+ Bb5 46.e7 Rcxf3+ 47.Kg2 Rxf5 48.Rxb5+ Ka6
49.e8=Q Rf2+ 50.Kg3 R2f3+ 51.Kg4 R3f4+ 52.Kh5 g4+ 53.Kh4 g3+ 54.Kh3 g2 55.Rb1  1-0

[Event "Open"]
[Site "Vienna AUT"]
[Date "2003.08.17"]
[Round "2"]
[White "Vitouch,A"]
[Black "Beckhuis,G"]
[Result "0-1"]
[WhiteElo "2162"]
[BlackElo "2320"]

1.Nf3 d5 2.c4 c6 3.b3 Bg4 4.Bb2 Nd7 5.g3 Bxf3 6.exf3 Ngf6 7.Bg2 e6 8.O-O Bd6
9.d4 O-O 10.Re1 Re8 11.c5 Bf8 12.Nd2 g5 13.Qc2 Bg7 14.b4 Kh8 15.Nf1 Ng8 16.Ne3 Qf6
17.Qd2 Ne7 18.Ng4 Qg6 19.f4 f5 20.Ne5 Bxe5 21.dxe5 gxf4 22.Qxf4 Rg8 23.Bf3 Raf8
24.h4 h5 25.Bc1 Qh7 26.Qh6 f4 27.Qxh7+ Kxh7 28.Kg2 Nf5 29.Bxh5 fxg3 30.Bg5 gxf2
31.Rf1 Nxh4+ 32.Kh3 Rxg5 33.Kxh4 Kh6 34.Be2 Nxe5 35.Rh1 Ng6+ 36.Kh3 Nf4+  0-1

[Event "Open"]
[Site "Vienna AUT"]
[Date "2003.08.17"]
[Round "2"]
[White "Riedner,M"]
[Black "Willemze,J"]
[Result "1-0"]
[WhiteElo "2169"]
[BlackElo "2327"]

1.Nf3 d5 2.c4 d4 3.e3 Nc6 4.exd4 Nxd4 5.Nxd4 Qxd4 6.Nc3 Nf6 7.Be2 Bf5 8.O-O e5
9.Nb5 Qb6 10.d4 O-O-O 11.c5 Qe6 12.c6 Bc5 13.cxb7+ Kb8 14.Qa4 exd4 15.Bc4 Qc6
16.Bf4 Rd7 17.Rac1 Nh5 18.Bd2 Qg6 19.Bd5 Bb6 20.Rc6 Rxd5 21.Rxg6 hxg6 22.Ba5 Kxb7
23.Bxb6 Kxb6 24.Nxd4 Bd7 25.Qb3+ Kc5 26.Nc2 Kd6 27.Ne3 Rd4 28.Rd1 Rxd1+ 29.Qxd1+ Ke7
30.Nd5+ Kd8 31.Qb3  1-0

[Event "Jezero Open"]
[Site "Belgrade YUG"]
[Date "2003.08.18"]
[Round "5"]
[White "Radosavljevic,No"]
[Black "Aksentijevic,M"]
[Result "0-1"]
[WhiteElo "2048"]
[BlackElo "2177"]

1.Nf3 d5 2.c4 e6 3.g3 Nf6 4.Bg2 Be7 5.O-O O-O 6.b3 c5 7.Bb2 Nc6 8.e3 b6 9.Nc3 Bb7
10.Qe2 a6 11.d3 Qc7 12.Rac1 Rac8 13.Rfd1 Qb8 14.cxd5 exd5 15.Na4 Qa7 16.Bh3 Rcd8
17.d4 c4 18.bxc4 dxc4 19.e4 b5 20.Nc5 Bxc5 21.dxc5 Qxc5 22.Bxf6 gxf6 23.Bf5 Ne7
24.Nh4 Ng6 25.Qh5 Qe5 26.Nf3 Qc7 27.Re1 Rfe8 28.h4 Kh8 29.Nh2 Rg8 30.Ng4 Rg7
31.Qh6 Ne5 32.Nxe5 Qxe5 33.Rcd1 Rdg8 34.Re3 c3 35.Rc1 b4 36.Qh5 Bc8 37.Qf3 Bxf5
38.exf5 Qc5 39.Kg2 a5 40.Qe4 Rg4 41.Qb7 Qxf5 42.Qxf7 Rxh4 43.Qe6 Qxe6 44.Rxe6 Rc4
45.Rxf6 Rc7 46.Rb6 Rd8 47.Rb5  0-1

[Event "Open"]
[Site "Vienna AUT"]
[Date "2003.08.18"]
[Round "3"]
[White "Loeffler,S"]
[Black "Neihs,H"]
[Result "1-0"]
[WhiteElo "2404"]
[BlackElo "2150"]

1.Nf3 d5 2.c4 e6 3.d4 c6 4.e3 f5 5.Be2 Nf6 6.O-O Bd6 7.b3 Qe7 8.a4 O-O 9.a5 Nbd7
10.Ba3 Bxa3 11.Nxa3 Ne4 12.Nc2 Ndf6 13.Qe1 Bd7 14.Qb4 Qxb4 15.Nxb4 Rfc8 16.Ne5 Nd6
17.Rfc1 Kf8 18.Rc2 Ke7 19.Rac1 Ke8 20.a6 Rab8 21.axb7 Rxb7 22.Na6 Rxb3 23.Nc5 Ra3
24.Nexd7 Nxd7 25.Nxe6 dxc4 26.Nxg7+ Kf7 27.Nh5 Nb6 28.Nf4 Kf6 29.h3 c5 30.d5 Ke5
31.g4 Rg8 32.Kg2 Rg7 33.Nh5 Rg6 34.Rd1 fxg4 35.hxg4 Nf7 36.f4+ Kd6 37.e4 Re3
38.Ng3 Rb3 39.e5+ Nxe5 40.Ne4+ Ke7 41.fxe5  1-0

[Event "Open"]
[Site "Vienna AUT"]
[Date "2003.08.19"]
[Round "4"]
[White "Loeffler,S"]
[Black "Wiedner,R"]
[Result "1-0"]
[WhiteElo "2404"]
[BlackElo "2206"]

1.Nf3 d5 2.c4 c6 3.e3 e6 4.Nc3 Bd6 5.Qc2 Nd7 6.b3 Ne5 7.Nxe5 Bxe5 8.d4 Bd6
9.Bd3 f5 10.cxd5 cxd5 11.Nb5 Bb8 12.Ba3 Ne7 13.Rc1 Nc6 14.Qc5 Kf7 15.h3 a6
16.Nd6+ Kf6 17.g4 Bxd6 18.Qxd6 Qxd6 19.Bxd6 Rd8 20.Bc7 Re8 21.Kd2 Bd7 22.Bd6 Rac8
23.Rhg1 g6 24.h4 fxg4 25.Rxg4 e5 26.dxe5+ Nxe5 27.Rf4+ Kg7 28.Rxc8 Bxc8 29.Bxe5+ Rxe5
30.Kc3 Bf5 31.Kd4 Kf6 32.f3 Ke6 33.e4 dxe4 34.fxe4 Bh3 35.Bc4+ Kd6 36.Rf6+ Be6
37.a4  1-0